000 00384nam a22001697a 4500
005 20160625172742.0
008 160625b xxu||||| |||| 00| 0 eng d
020 _a978-81-295-1862-0
041 _aeng
082 _b10257
100 _aChaltopadhy, Sarad Chand
_92833
245 _aPalli Samaj (Bangla)
260 _bDey's
300 _a96
650 _aBangla
_92816
942 _cBK
999 _c4096
_d4095